Conservation of plant genetic resources in vitro
Enregistré dans:
| Auteur principal: | |
|---|---|
| Format: | Livre |
| Langue: | Undetermined |
| Publié: |
Enfield, New Hampshire
Science
1997
|
| Sujets: | |
| Tags: |
Ajouter un tag
Pas de tags, Soyez le premier à ajouter un tag!
|
| Thư viện lưu trữ: | Trung tâm Học liệu Trường Đại học Cần Thơ |
|---|
| LEADER | 00586nam a2200169Ia 4500 | ||
|---|---|---|---|
| 001 | CTU_48846 | ||
| 008 | 210402s9999 xx 000 0 und d | ||
| 082 | |a 581.35 | ||
| 082 | |b C766/Vol.1 | ||
| 100 | |a Conservation of plant genetic resources in vitro | ||
| 245 | 0 | |a Conservation of plant genetic resources in vitro | |
| 245 | 0 | |c Conservation of plant genetic resources in vitro, M K RAZDAN, E. C. Cocking | |
| 260 | |a Enfield, New Hampshire | ||
| 260 | |b Science | ||
| 260 | |c 1997 | ||
| 650 | |a plant breeding,plant genetics | ||
| 980 | |a Trung tâm Học liệu Trường Đại học Cần Thơ | ||